Loading...
| History - Other History | 1 | 2 | 0 | 0 | 35 | 31 | 77.33 | 1 | 3 |
| History - American History | 1 | 2 | 0 | 0 | 35 | 68 | 92.00 | 3 | 3 |
| Geography | 0 | 3 | 0 | 2 | 30 | 103 | 126.67 | 0 | 3 |
| Mythology | 1 | 1 | 0 | 0 | 25 | 41 | 93.00 | 1 | 2 |
| Literature - Short Fiction | 1 | 1 | 0 | 0 | 25 | 67 | 100.50 | 1 | 2 |
| History - European History | 0 | 2 | 0 | 0 | 20 | 95 | 101.00 | 0 | 2 |
| Philosophy | 0 | 2 | 1 | 1 | 15 | 139 | 142.00 | 0 | 2 |
| Literature - Poetry | 1 | 0 | 0 | 0 | 15 | 49 | 49.00 | 1 | 1 |
| Social Science | 0 | 1 | 0 | 1 | 10 | 153 | 153.00 | 0 | 1 |
| History - Ancient History | 0 | 1 | 0 | 1 | 10 | 105 | 105.00 | 0 | 1 |
| Current Events | 0 | 1 | 0 | 0 | 10 | 142 | 142.00 | 0 | 1 |
| Religion | 0 | 1 | 1 | 0 | 5 | 124 | 124.00 | 0 | 1 |